00682nam a2200229 4500003001100000005001700011008004100028020001800069040003900087041000800126082001600134245003800150260005300188300002800241650001300269650001900282700001800301700002000319942000700339952009100346999001500437LK-CoMWRAF20231202132104.0231202b2007 |||||||| |||| 00| 0 eng d a9789066658721 aLK-CoMWRAFdLK-CoMWRAFeLK-CoMWRAF aeng a305.48bWOM a Women, feminism & fundamentalism aAmsterdam:bHumanistics University Press, c2007 a 159 p. : ill. ; 24 cm. aFEMINISM aFundamentalism aDubel, Ireen  aVintges, Karen  cBK 00104070aMAINbMAINd2023-12-02l0o305.48 WOMpRAF3269r2023-12-02w2023-12-02yBK c4273d4273